000
00196nam a2200085Ia 4500
008
191206s9999 xx 000 0 und d
020
_a
140017917
245
4
_a
THE POWER AND THE GLORY
260
_c
c1940
999
_c
17127
_d
17127